LEADER 00960nam0-2200325---450- 001 990008644120403321 005 20081002140430.0 010 $a88-7058-101-2 020 $aIT$b8410296 035 $a000864412 035 $aFED01000864412 035 $a(Aleph)000864412FED01 035 $a000864412 100 $a20080408d1984----km-y0itay50------ba 101 0 $aita 102 $aIT 105 $aa-------001yy 200 1 $aFacciate dipinte$econservazione e restauro$eatti del Convegno di studi, Genova, 15-17 aprile 1982$fa cura di Giovanna Rotondi Terminiello e Farida Simonetti 210 $aGenova$cSagep$d1984 215 $a335 p.$cill.$d24 cm 676 $a751.6$v21$zita 702 1$aSimonetti,$bFarida 702 1$aRotondi Terminiello,$bGiovanna 801 0$aIT$bUNINA$gRICA$2UNIMARC 901 $aBK 912 $a990008644120403321 952 $a103015$b586$fDCATA 959 $aDCATA 996 $aFacciate dipinte$9715930 997 $aUNINA LEADER 01532nam 2200433I 450 001 9910704909903321 005 20140213112604.0 035 $a(CKB)5470000002446651 035 $a(OCoLC)870443465 035 $a(EXLCZ)995470000002446651 100 $a20140213d2013 ua 0 101 0 $aeng 135 $aurcn||||||||| 181 $ctxt$2rdacontent 182 $cc$2rdamedia 183 $acr$2rdacarrier 200 10$aCloseout report for the refractory metal accelerated heat pipe life test activity /$fJ. Martin [and four others] 210 1$aHuntsville, Alabama :$cNational Aeronautics and Space Administration, Marshall Space Flight Center,$d2013. 215 $a1 online resource (xvi, 133 pages) $ccolor illustrations 225 1 $aNASA/TP ;$v2013-217477 300 $aTitle from title screen (viewed on Feb. 13, 2014). 300 $a"January 2013." 320 $aIncludes bibliographical references (pages 132-133). 606 $aAccelerated life tests$2nasat 606 $aAging (materials)$2nasat 606 $aHeat pipes$2nasat 606 $aCooling systems$2nasat 615 7$aAccelerated life tests. 615 7$aAging (materials) 615 7$aHeat pipes. 615 7$aCooling systems. 700 $aMartin$b J.$0339672 712 02$aGeorge C. Marshall Space Flight Center, 801 0$bGPO 801 1$bGPO 906 $aBOOK 912 $a9910704909903321 996 $aCloseout report for the refractory metal accelerated heat pipe life test activity$93522223 997 $aUNINA